000
00349nam a2200157Ia 4500
003
0STCL
008
150530s9999 xx 000 0 und d
040
_a
STCL
_c
STCL
100
_a
Capecelatro, C.; Ed
245
_a
Christ the church and man
260
_c
1909
546
_a
English
942
_2
ddc
_c
BK
999
_c
4899
_d
4899
005
20220125165403.0